000 00263nam a2200097Ia 4500
008 220216s9999 xx 000 0 und d
245 0 _aChanges in the natural rubber sector. Part II.
260 _bInternational Rubber Digest
_c1999
300 _a12-Sep
942 _cJS
999 _c55337
_d55337